[Event "ESTCC 50 2019"]
[Site "Mali Losinj"]
[Date "2019.09.24"]
[Round "7.20"]
[White "Jenssen, Ove S"]
[Black "Detter, Peter"]
[Result "1/2-1/2"]
[WhiteElo "1827"]
[BlackElo "1982"]
[Annotator "NA"]
[PlyCount "60"]
[EventDate "2019.09.18"]
[EventType "team-tourn"]
[EventCountry "CRO"]
[SourceTitle "playchess.com"]
[Source "ChessBase"]
[SourceQuality "1"]
[WhiteTeam "Norway"]
[BlackTeam "Austria"]
[WhiteTeamCountry "NOR"]
[BlackTeamCountry "AUT"]
[TimeControl "40/5400+30:1800+30"]

1. e4 {[%emt 0:00:30]} Nf6 {[%emt 0:00:30]} 2. e5 {[%emt 0:00:30]} Nd5 {[%emt 0:00:00]} 3. d4 {[%emt 0:00:00]} d6 {[%emt 0:00:00]} 4. f4 {[%emt 0:00:00]} dxe5 {[%emt 0:00:30]} 5. fxe5 {[%emt 0:00:30]} Bf5 {[%emt 0:00:30]} 6. Bd3 {[%emt 0:00:30]} Bxd3 {[%emt 0:02:30]} 7. Qxd3 {[%emt 0:00:00]} e6 {[%emt 0:00:30]} 8. Ne2 {[%emt 0:01:00]} c5 {[%emt 0:02:30]} 9. c3 {[%emt 0:00:30]} Nc6 {[%emt 0:04:30]} 10. a3 {[%emt 0:01:30]} cxd4 {[%emt 0:01:30]} 11. cxd4 {[%emt 0:00:30]} Qb6 {[%emt 0:06:30]} 12. Nd2 {[%emt 0:02:30]} Rd8 {[%emt 0:05:30]} 13. Nf3 {[%emt 0:01:30]} Be7 {[%emt 0:03:30]} 14. O-O {[%emt 0:00:30]} h6 {[%emt 0:00:30]} 15. Kh1 {[%emt 0:00:30]} Qa6 {[%emt 0:08:30]} 16. Qxa6 {[%emt 0:01:30]} bxa6 {[%emt 0:00:30]} 17. Bd2 {[%emt 0:00:30]} Rb8 {[%emt 0:03:30]} 18. Rac1 {[%emt 0:02:30]} Kd7 {[%emt 0:00:30]} 19. Rc2 {[%emt 0:02:30]} Rhc8 {[%emt 0:01:30]} 20. Rfc1 {[%emt 0:00:30]} Nd8 {[%emt 0:00:30]} 21. Rxc8 {[%emt 0:00:30]} Rxc8 {[%emt 0:00:30]} 22. Rxc8 {[%emt 0:00:30]} Kxc8 {[%emt 0:00:00]} 23. Nc3 {[%emt 0:09:30]} Nb6 {[%emt 0:04:00]} 24. Kg1 {[%emt 0:00:30]} Kd7 {[%emt 0:01:30]} 25. Kf2 {[%emt 0:00:30]} Kc6 {[%emt 0:00:30]} 26. Ke2 {[%emt 0:01:30]} Nd5 {[%emt 0:05:30]} 27. Kd3 {[%emt 0:01:30]} Nxc3 {[%emt 0:02:30]} 28. Bxc3 {[%emt 0:00:30]} f5 {[%emt 0:13:30]} 29. Ne1 {[%emt 0:06:30]} Nf7 {[%emt 0:01:30]} 30. Nf3 {[%emt 0:01:30]} g5 {[%emt 0:00:30]} 1/2-1/2

[Event "ESTCC 50 2019"]
[Site "Mali Losinj"]
[Date "2019.09.24"]
[Round "7.21"]
[White "Priehoda, Vitezslav"]
[Black "Jackson, Sheila"]
[Result "1/2-1/2"]
[WhiteElo "2352"]
[BlackElo "2046"]
[Annotator "NA"]
[PlyCount "91"]
[EventDate "2019.09.18"]
[EventType "team-tourn"]
[EventCountry "CRO"]
[SourceTitle "playchess.com"]
[Source "ChessBase"]
[SourceQuality "1"]
[WhiteTeam "Czech Republic"]
[BlackTeam "England"]
[WhiteTeamCountry "CZE"]
[BlackTeamCountry "ENG"]
[TimeControl "40/5400+30:1800+30"]

1. d4 {[%emt 0:00:30]} Nf6 {[%emt 0:00:30]} 2. c4 {[%emt 0:00:00]} e6 {[%emt 0:00:00]} 3. Nf3 {[%emt 0:00:00]} d5 {[%emt 0:01:00]} 4. Nc3 {[%emt 0:00:30]} Be7 {[%emt 0:01:30]} 5. Bg5 {[%emt 0:00:30]} h6 {[%emt 0:00:30]} 6. Bh4 {[%emt 0:00:30]} O-O {[%emt 0:00:30]} 7. e3 {[%emt 0:00:30]} b6 {[%emt 0:00:30]} 8. Rc1 {[%emt 0:02:30]} Bb7 {[%emt 0:01:30]} 9. Bxf6 {[%emt 0:01:30]} Bxf6 {[%emt 0:00:30]} 10. cxd5 {[%emt 0:00:00]} exd5 {[%emt 0:00:30]} 11. Be2 {[%emt 0:09:00]} Re8 {[%emt 0:01:30]} 12. O-O {[%emt 0:00:30]} c6 {[%emt 0:05:30]} 13. b4 {[%emt 0:02:30]} a6 {[%emt 0:00:30]} 14. Qb3 {[%emt 0:02:30]} Qd6 {[%emt 0:04:30]} 15. Rfd1 {[%emt 0:05:30]} Nd7 {[%emt 0:00:30]} 16. a4 {[%emt 0:16:30]} Rac8 {[%emt 0:08:30]} 17. Ne1 {[%emt 0:07:30]} g5 {[%emt 0:20:30]} 18. a5 {[%emt 0:12:30]} b5 {[%emt 0:00:30]} 19. Nd3 {[%emt 0:00:30]} Rc7 {[%emt 0:01:30]} 20. Bf3 {[%emt 0:03:30]} Be7 {[%emt 0:08:30]} 21. e4 {[%emt 0:06:30]} dxe4 {[%emt 0:00:30]} 22. Nxe4 {[%emt 0:00:30]} Qg6 {[%emt 0:05:30]} 23. g3 {[%emt 0:04:30]} c5 {[%emt 0:03:30]} 24. Ndxc5 {[%emt 0:00:30]} Nxc5 {[%emt 0:21:58]} 25. Nxc5 {[%emt 0:00:00]} Bxf3 {[%emt 0:00:23]} 26. Qxf3 {[%emt 0:00:00]} Rd8 {[%emt 0:01:02]} 27. Rc3 {[%emt 0:06:35]} g4 {[%emt 0:03:29]} 28. Qe2 {[%emt 0:02:22]} Rd5 {[%emt 0:02:15]} 29. Rcd3 {[%emt 0:01:25]} h5 {[%emt 0:01:30]} 30. Qa2 {[%emt 0:02:25]} Rf5 {[%emt 0:01:10]} 31. Re3 {[%emt 0:02:29]} Kf8 {[%emt 0:00:53]} 32. Qe2 {[%emt 0:01:49]} Rd5 {[%emt 0:00:39]} 33. Re5 {[%emt 0:00:12]} Rd8 {[%emt 0:00:44]} 34. Re1 {[%emt 0:04:13]} Bf6 {[%emt 0:00:52]} 35. Re8+ {[%emt 0:00:21]} Rxe8 {[%emt 0:00:39]} 36. Qxe8+ {[%emt 0:00:09]} Kg7 {[%emt 0:00:08]} 37. d5 {[%emt 0:04:25]} Bc3 {[%emt 0:00:13]} 38. Re7 {[%emt 0:01:18]} Rxe7 {[%emt 0:01:03]} 39. Qxe7 {[%emt 0:00:07]} Bxb4 {[%emt 0:01:38]} 40. d6 {[%emt 0:01:26]} Qb1+ {[%emt 0:01:20]} 41. Kg2 {[%emt 0:30:05]} Qf5 {[%emt 0:01:04]} 42. Ne4 {[%emt 0:00:00]} Qf3+ {[%emt 0:03:30]} 43. Kg1 {[%emt 0:00:00]} Qd1+ {[%emt 0:00:30]} 44. Kg2 {[%emt 0:00:00]} Qf3+ {[%emt 0:00:30]} 45. Kg1 {[%emt 0:00:00]} Qd1+ {[%emt 0:00:30]} 46. Kg2 {[%emt 0:00:00]} 1/2-1/2

[Event "ESTCC 50 2019"]
[Site "Mali Losinj"]
[Date "2019.09.24"]
[Round "7.22"]
[White "Mashayekh, Majid"]
[Black "Vokac, Marek"]
[Result "0-1"]
[WhiteElo "1875"]
[BlackElo "2332"]
[Annotator "NA"]
[PlyCount "48"]
[EventDate "2019.09.18"]
[EventType "team-tourn"]
[EventCountry "CRO"]
[SourceTitle "playchess.com"]
[Source "ChessBase"]
[SourceQuality "1"]
[WhiteTeam "England"]
[BlackTeam "Czech Republic"]
[WhiteTeamCountry "ENG"]
[BlackTeamCountry "CZE"]
[TimeControl "40/5400+30:1800+30"]

1. d4 {[%emt 0:00:30]} g6 {[%emt 0:00:30]} 2. e4 {[%emt 0:00:30]} Bg7 {[%emt 0:00:00]} 3. Nc3 {[%emt 0:00:00]} d6 {[%emt 0:00:00]} 4. Bg5 {[%emt 0:02:00]} a6 {[%emt 0:01:30]} 5. Qd2 {[%emt 0:00:30]} b5 {[%emt 0:00:30]} 6. a3 {[%emt 0:01:30]} Bb7 {[%emt 0:01:30]} 7. f3 {[%emt 0:02:30]} Nd7 {[%emt 0:00:30]} 8. h4 {[%emt 0:05:30]} c5 {[%emt 0:04:30]} 9. Be3 {[%emt 0:03:30]} Ngf6 {[%emt 0:09:30]} 10. Nge2 {[%emt 0:04:30]} cxd4 {[%emt 0:04:30]} 11. Nxd4 {[%emt 0:07:30]} h5 {[%emt 0:00:30]} 12. O-O-O {[%emt 0:03:30]} Rc8 {[%emt 0:00:30]} 13. Kb1 {[%emt 0:03:30]} Nb6 {[%emt 0:13:30]} 14. Qf2 {[%emt 0:16:30]} Rxc3 {[%emt 0:04:30]} 15. bxc3 {[%emt 0:01:30]} Na4 {[%emt 0:00:00]} 16. Bxb5+ {[%emt 0:11:30]} axb5 {[%emt 0:00:00]} 17. Nxb5 {[%emt 0:00:30]} O-O {[%emt 0:03:30]} 18. Rd3 {[%emt 0:00:30]} Ba6 {[%emt 0:05:30]} 19. c4 {[%emt 0:01:30]} Qc8 {[%emt 0:00:00]} 20. Rb3 {[%emt 0:05:30]} Qxc4 {[%emt 0:04:00]} 21. Nd4 {[%emt 0:00:30]} Nc3+ {[%emt 0:02:30]} 22. Kb2 {[%emt 0:01:30]} Rc8 {[%emt 0:17:30]} 23. Rc1 {[%emt 0:03:30]} Ncxe4 {[%emt 0:01:30]} 24. fxe4 {[%emt 0:00:30]} Ng4 {[%emt 0:00:30]} 0-1

[Event "ESTCC 50 2019"]
[Site "Mali Losinj"]
[Date "2019.09.24"]
[Round "7.23"]
[White "Konopka, Michal"]
[Black "Wood, Peter R"]
[Result "1-0"]
[WhiteElo "2351"]
[BlackElo "1884"]
[Annotator "NA"]
[PlyCount "41"]
[EventDate "2019.09.18"]
[EventType "team-tourn"]
[EventCountry "CRO"]
[SourceTitle "playchess.com"]
[Source "ChessBase"]
[SourceQuality "1"]
[WhiteTeam "Czech Republic"]
[BlackTeam "England"]
[WhiteTeamCountry "CZE"]
[BlackTeamCountry "ENG"]
[TimeControl "40/5400+30:1800+30"]

1. Nf3 {[%emt 0:00:30]} d5 {[%emt 0:01:30]} 2. d4 {[%emt 0:00:30]} Nf6 {[%emt 0:00:30]} 3. c4 {[%emt 0:02:30]} e6 {[%emt 0:00:30]} 4. g3 {[%emt 0:01:30]} Be7 {[%emt 0:00:30]} 5. Bg2 {[%emt 0:00:00]} O-O {[%emt 0:00:30]} 6. O-O {[%emt 0:01:00]} dxc4 {[%emt 0:00:00]} 7. Na3 {[%emt 0:04:30]} Bxa3 {[%emt 0:04:00]} 8. bxa3 {[%emt 0:01:30]} Nbd7 {[%emt 0:08:30]} 9. a4 {[%emt 0:12:30]} a5 {[%emt 0:01:30]} 10. Ba3 {[%emt 0:02:30]} Nb6 {[%emt 0:02:30]} 11. Ne5 {[%emt 0:04:30]} Nfd5 {[%emt 0:05:30]} 12. Bxf8 {[%emt 0:06:30]} Qxf8 {[%emt 0:00:30]} 13. Qc2 {[%emt 0:02:30]} Qb4 {[%emt 0:12:30]} 14. Rfc1 {[%emt 0:03:30]} Qxa4 {[%emt 0:12:30]} 15. Qxa4 {[%emt 0:00:30]} Nxa4 {[%emt 0:00:00]} 16. Rxc4 {[%emt 0:01:30]} Nab6 {[%emt 0:05:00]} 17. Bxd5 {[%emt 0:01:30]} c6 {[%emt 0:14:30]} 18. Bf3 {[%emt 0:04:30]} f6 {[%emt 0:01:30]} 19. Rb1 {[%emt 0:00:30]} Nxc4 {[%emt 0:01:30]} 20. Nxc4 {[%emt 0:00:00]} Ra7 {[%emt 0:00:30]} 21. Bxc6 {[%emt 0:00:00]} 1-0

[Event "ESTCC 50 2019"]
[Site "Mali Losinj"]
[Date "2019.09.24"]
[Round "7.24"]
[White "Denning, Julie L"]
[Black "Spacek, Petr"]
[Result "0-1"]
[WhiteElo "1629"]
[BlackElo "2352"]
[Annotator "NA"]
[PlyCount "45"]
[EventDate "2019.09.18"]
[EventType "team-tourn"]
[EventCountry "CRO"]
[SourceTitle "playchess.com"]
[Source "ChessBase"]
[SourceQuality "1"]
[WhiteTeam "England"]
[BlackTeam "Czech Republic"]
[WhiteTeamCountry "ENG"]
[BlackTeamCountry "CZE"]
[TimeControl "40/5400+30:1800+30"]

1. d4 {[%emt 0:00:30]} Nf6 {[%emt 0:00:30]} 2. c4 {[%emt 0:00:00]} d6 {[%emt 0:00:30]} 3. Nc3 {[%emt 0:00:00]} Nbd7 {[%emt 0:00:30]} 4. e4 {[%emt 0:01:30]} e5 {[%emt 0:00:30]} 5. d5 {[%emt 0:00:30]} Nc5 {[%emt 0:00:30]} 6. Qc2 {[%emt 0:00:30]} a5 {[%emt 0:00:00]} 7. a4 {[%emt 0:01:30]} g6 {[%emt 0:04:00]} 8. Nge2 {[%emt 0:05:30]} h5 {[%emt 0:03:30]} 9. h4 {[%emt 0:04:30]} Nfd7 {[%emt 0:02:30]} 10. f4 {[%emt 0:03:30]} exf4 {[%emt 0:02:30]} 11. Bxf4 {[%emt 0:05:30]} Bg7 {[%emt 0:01:30]} 12. g3 {[%emt 0:00:30]} Ne5 {[%emt 0:00:30]} 13. Bxe5 {[%emt 0:02:30]} Bxe5 {[%emt 0:00:30]} 14. Bg2 {[%emt 0:00:30]} Bg4 {[%emt 0:05:30]} 15. Bh3 {[%emt 0:03:30]} Bxh3 {[%emt 0:13:30]} 16. Rxh3 {[%emt 0:00:00]} Qd7 {[%emt 0:02:30]} 17. Rh1 {[%emt 0:01:00]} Qg4 {[%emt 0:03:30]} 18. Rg1 {[%emt 0:01:30]} O-O {[%emt 0:05:30]} 19. O-O-O {[%emt 0:01:30]} Rfe8 {[%emt 0:01:30]} 20. Rdf1 {[%emt 0:03:30]} Re7 {[%emt 0:02:30]} 21. Nf4 {[%emt 0:18:30]} Bxc3 {[%emt 0:09:30]} 22. Qxc3 {[%emt 0:03:30]} Nxe4 {[%emt 0:00:00]} 23. Qe3 {[%emt 0:03:30]} 0-1

[Event "ESTCC 50 2019"]
[Site "Mali Losinj"]
[Date "2019.09.25"]
[Round "8.1"]
[White "Gleizerov, Evgeny"]
[Black "Ledger, Andrew J"]
[Result "1/2-1/2"]
[WhiteElo "2503"]
[BlackElo "2343"]
[Annotator "ChessBase"]
[PlyCount "83"]
[EventDate "2019.09.18"]
[EventType "team-tourn"]
[EventCountry "CRO"]
[SourceTitle "playchess.com"]
[Source "ChessBase"]
[SourceQuality "1"]
[WhiteTeam "Russia"]
[BlackTeam "England"]
[WhiteTeamCountry "RUS"]
[BlackTeamCountry "ENG"]
[TimeControl "40/5400+30:1800+30"]

1. d4 {[%emt 0:01:30]} Nf6 {[%emt 0:00:30]} 2. c4 {[%emt 0:00:00]} g6 {[%emt 0:00:00]} 3. Nc3 {[%emt 0:00:00]} d5 {[%emt 0:00:00]} 4. cxd5 {[%emt 0:00:00]} Nxd5 {[%emt 0:00:00]} 5. Bd2 {[%emt 0:00:00]} Bg7 {[%emt 0:00:00]} 6. e4 {[%emt 0:00:30]} Nxc3 {[%emt 0:00:30]} 7. Bxc3 {[%emt 0:00:00]} O-O {[%emt 0:00:30]} 8. Qd2 {[%emt 0:00:00]} c5 {[%emt 0:00:30]} 9. d5 {[%emt 0:00:00]} e6 {[%emt 0:01:30]} 10. Bc4 {[%emt 0:01:00]} Bxc3 {[%emt 0:15:30]} 11. bxc3 {[%emt 0:01:30]} exd5 {[%emt 0:00:30]} 12. Bxd5 {[%emt 0:00:30]} Nd7 {[%emt 0:00:30]} 13. Nf3 {[%emt 0:00:30]} Nf6 {[%emt 0:09:30]} 14. O-O {[%emt 0:01:30]} Nxd5 {[%emt 0:09:30]} 15. exd5 {[%emt 0:00:30]} Qf6 {[%emt 0:02:30]} 16. Rfe1 {[%emt 0:02:30]} Bf5 {[%emt 0:09:30]} 17. Ne5 {[%emt 0:03:30]} Rad8 {[%emt 0:06:30]} 18. Rad1 {[%emt 0:05:30]} Rfe8 {[%emt 0:02:30]} 19. f4 {[%emt 0:13:30]} Qd6 {[%emt 0:04:30]} 20. g4 {[%emt 0:19:30]} Bc8 {[%emt 0:04:30]} 21. h3 {[%emt 0:05:30]} Kg7 {[%emt 0:07:30]} 22. c4 {[%emt 0:00:30]} f6 {[%emt 0:01:30]} 23. Nf3 {[%emt 0:05:30]} b6 {[%emt 0:02:30]} 24. Rxe8 {[%emt 0:09:30]} Rxe8 {[%emt 0:00:30]} 25. Re1 {[%emt 0:00:00]} Rxe1+ {[%emt 0:00:30]} 26. Qxe1 {[%emt 0:00:00]} Kf7 {[%emt 0:14:22]} 27. Qe4 {[%emt 0:02:30]} b5 {[%emt 0:00:34]} 28. cxb5 {[%emt 0:04:30]} Bb7 {[%emt 0:00:04]} 29. Kf2 {[%emt 0:03:30]} Bxd5 {[%emt 0:02:19]} 30. Qd3 {[%emt 0:01:52]} Ke7 {[%emt 0:01:16]} 31. a4 {[%emt 0:02:12]} Bxf3 {[%emt 0:01:04]} 32. Qxf3 {[%emt 0:00:26]} Qd4+ {[%emt 0:03:21]} 33. Qe3+ {[%emt 0:03:32]} Kd6 {[%emt 0:00:03]} 34. Qxd4+ {[%emt 0:03:02]} cxd4 {[%emt 0:00:04]} 35. Ke2 {[%emt 0:00:08]} Kc5 {[%emt 0:01:30]} 36. Kd3 {[%emt 0:00:06]} g5 {[%emt 0:00:28]} 37. f5 {[%emt 0:00:43]} h6 {[%emt 0:00:07]} 38. a5 {[%emt 0:00:37]} Kxb5 {[%emt 0:01:08]} 39. Kxd4 {[%emt 0:00:47]} Kc6 {[%emt 0:00:47]} 40. a6 {[%emt 0:02:39]} Kd6 {[%emt 0:00:08]} 41. Kc4 {[%emt 0:30:05]} Kc6 {[%emt 0:30:21]} 42. Kd4 {[%emt 0:00:59]} 1/2-1/2

[Event "ESTCC 50 2019"]
[Site "Mali Losinj"]
[Date "2019.09.25"]
[Round "8.2"]
[White "Lewis, Andrew P"]
[Black "Shcherbakov, Ruslan"]
[Result "0-1"]
[WhiteElo "2294"]
[BlackElo "2516"]
[Annotator "ChessBase"]
[PlyCount "72"]
[EventDate "2019.09.18"]
[EventType "team-tourn"]
[EventCountry "CRO"]
[SourceTitle "playchess.com"]
[Source "ChessBase"]
[SourceQuality "1"]
[WhiteTeam "England"]
[BlackTeam "Russia"]
[WhiteTeamCountry "ENG"]
[BlackTeamCountry "RUS"]
[TimeControl "40/5400+30:1800+30"]

1. d4 {[%emt 0:00:30]} Nf6 {[%emt 0:03:30]} 2. c4 {[%emt 0:00:00]} e6 {[%emt 0:00:30]} 3. Nc3 {[%emt 0:00:00]} Bb4 {[%emt 0:00:30]} 4. Qc2 {[%emt 0:00:30]} d6 {[%emt 0:00:30]} 5. Nf3 {[%emt 0:05:30]} Nbd7 {[%emt 0:02:30]} 6. e3 {[%emt 0:05:30]} b6 {[%emt 0:16:30]} 7. Bd3 {[%emt 0:12:30]} Bb7 {[%emt 0:05:30]} 8. a3 {[%emt 0:03:30]} Bxc3+ {[%emt 0:00:00]} 9. bxc3 {[%emt 0:00:00]} e5 {[%emt 0:03:00]} 10. e4 {[%emt 0:01:00]} O-O {[%emt 0:01:30]} 11. O-O {[%emt 0:00:30]} Re8 {[%emt 0:00:30]} 12. Re1 {[%emt 0:01:30]} c5 {[%emt 0:01:30]} 13. d5 {[%emt 0:01:30]} Nf8 {[%emt 0:00:30]} 14. a4 {[%emt 0:08:30]} Ng6 {[%emt 0:02:30]} 15. h3 {[%emt 0:02:30]} Bc8 {[%emt 0:01:30]} 16. Bd2 {[%emt 0:05:30]} a5 {[%emt 0:10:30]} 17. Bf1 {[%emt 0:01:30]} h6 {[%emt 0:02:30]} 18. g3 {[%emt 0:03:30]} Nh7 {[%emt 0:02:30]} 19. Kh2 {[%emt 0:01:30]} Rf8 {[%emt 0:01:30]} 20. Bd3 {[%emt 0:17:30]} Qf6 {[%emt 0:11:30]} 21. Be2 {[%emt 0:08:29]} Bd7 {[%emt 0:04:30]} 22. Rf1 {[%emt 0:02:02]} Qd8 {[%emt 0:03:30]} 23. Bd3 {[%emt 0:01:27]} Qc8 {[%emt 0:07:41]} 24. Ng1 {[%emt 0:02:18]} f5 {[%emt 0:00:16]} 25. Rab1 {[%emt 0:04:23]} f4 {[%emt 0:03:36]} 26. Rxb6 {[%emt 0:04:26]} Qc7 {[%emt 0:00:23]} 27. Rbb1 {[%emt 0:03:09]} Rf6 {[%emt 0:00:56]} 28. Be2 {[%emt 0:02:19]} Raf8 {[%emt 0:00:26]} 29. Qd3 {[%emt 0:01:40]} Bxa4 {[%emt 0:03:54]} 30. g4 {[%emt 0:00:12]} f3 {[%emt 0:05:25]} 31. Nxf3 {[%emt 0:00:55]} Qf7 {[%emt 0:01:13]} 32. Kg3 {[%emt 0:00:52]} Bc2 {[%emt 0:01:09]} 33. Qe3 {[%emt 0:00:41]} Nf4 {[%emt 0:00:42]} 34. Ng1 {[%emt 0:00:36]} Ng5 {[%emt 0:01:55]} 35. f3 {[%emt 0:00:22]} Bxb1 {[%emt 0:00:23]} 36. Rxb1 {[%emt 0:00:09]} Nxe2+ {[%emt 0:00:13]} 0-1

[Event "ESTCC 50 2019"]
[Site "Mali Losinj"]
[Date "2019.09.25"]
[Round "8.3"]
[White "Yakovich, Yuri"]
[Black "Ledger, Dave J"]
[Result "1-0"]
[WhiteElo "2518"]
[BlackElo "2134"]
[Annotator "ChessBase"]
[PlyCount "63"]
[EventDate "2019.09.18"]
[EventType "team-tourn"]
[EventCountry "CRO"]
[SourceTitle "playchess.com"]
[Source "ChessBase"]
[SourceQuality "1"]
[WhiteTeam "Russia"]
[BlackTeam "England"]
[WhiteTeamCountry "RUS"]
[BlackTeamCountry "ENG"]
[TimeControl "40/5400+30:1800+30"]

1. d4 {[%emt 0:00:30]} Nf6 {[%emt 0:00:30]} 2. c4 {[%emt 0:00:00]} e6 {[%emt 0:00:30]} 3. Nc3 {[%emt 0:00:00]} Bb4 {[%emt 0:00:30]} 4. e3 {[%emt 0:00:30]} b6 {[%emt 0:01:30]} 5. Nge2 {[%emt 0:00:00]} Bb7 {[%emt 0:02:30]} 6. a3 {[%emt 0:00:00]} Bxc3+ {[%emt 0:00:30]} 7. Nxc3 {[%emt 0:00:30]} O-O {[%emt 0:00:30]} 8. Bd3 {[%emt 0:00:30]} d5 {[%emt 0:03:30]} 9. cxd5 {[%emt 0:04:30]} exd5 {[%emt 0:00:30]} 10. b4 {[%emt 0:00:30]} Ne4 {[%emt 0:04:30]} 11. Qb3 {[%emt 0:01:30]} Re8 {[%emt 0:05:30]} 12. O-O {[%emt 0:01:30]} Re6 {[%emt 0:04:30]} 13. f3 {[%emt 0:03:30]} Nxc3 {[%emt 0:03:30]} 14. Qxc3 {[%emt 0:00:00]} Nd7 {[%emt 0:01:30]} 15. Bb2 {[%emt 0:16:00]} Nf6 {[%emt 0:07:30]} 16. Rac1 {[%emt 0:10:30]} Rc6 {[%emt 0:06:30]} 17. Qd2 {[%emt 0:00:00]} Rxc1 {[%emt 0:00:30]} 18. Rxc1 {[%emt 0:00:00]} Qe7 {[%emt 0:00:30]} 19. Rc3 {[%emt 0:15:30]} Ne8 {[%emt 0:15:30]} 20. Bc1 {[%emt 0:00:30]} Rd8 {[%emt 0:01:30]} 21. b5 {[%emt 0:05:30]} Rd6 {[%emt 0:03:30]} 22. a4 {[%emt 0:04:30]} Rh6 {[%emt 0:02:30]} 23. Ba3 {[%emt 0:04:30]} Qh4 {[%emt 0:05:30]} 24. h3 {[%emt 0:02:30]} Bc8 {[%emt 0:00:30]} 25. Qf2 {[%emt 0:00:30]} Qh5 {[%emt 0:03:30]} 26. Qg3 {[%emt 0:04:30]} Re6 {[%emt 0:02:30]} 27. Kh2 {[%emt 0:07:36]} g6 {[%emt 0:03:56]} 28. e4 {[%emt 0:00:57]} Bb7 {[%emt 0:04:39]} 29. e5 {[%emt 0:02:10]} c6 {[%emt 0:01:32]} 30. Qg4 {[%emt 0:02:07]} Ng7 {[%emt 0:00:40]} 31. Qxh5 {[%emt 0:00:17]} Nxh5 {[%emt 0:00:15]} 32. Bd6 {[%emt 0:00:30]} 1-0

[Event "ESTCC 50 2019"]
[Site "Mali Losinj"]
[Date "2019.09.25"]
[Round "8.4"]
[White "Nelson, Jonathan P"]
[Black "Ibragimov, Ildar"]
[Result "0-1"]
[WhiteElo "2183"]
[BlackElo "2537"]
[Annotator "ChessBase"]
[PlyCount "62"]
[EventDate "2019.09.18"]
[EventType "team-tourn"]
[EventCountry "CRO"]
[SourceTitle "playchess.com"]
[Source "ChessBase"]
[SourceQuality "1"]
[WhiteTeam "England"]
[BlackTeam "Russia"]
[WhiteTeamCountry "ENG"]
[BlackTeamCountry "RUS"]
[TimeControl "40/5400+30:1800+30"]

1. d4 {[%emt 0:00:30]} Nf6 {[%emt 0:00:30]} 2. Nf3 {[%emt 0:00:00]} e6 {[%emt 0:01:30]} 3. Bg5 {[%emt 0:00:00]} h6 {[%emt 0:00:30]} 4. Bh4 {[%emt 0:00:30]} b6 {[%emt 0:07:30]} 5. e3 {[%emt 0:00:30]} Bb7 {[%emt 0:03:30]} 6. Bd3 {[%emt 0:01:30]} d6 {[%emt 0:04:30]} 7. Qe2 {[%emt 0:08:30]} g5 {[%emt 0:04:30]} 8. Bg3 {[%emt 0:00:30]} Ne4 {[%emt 0:00:00]} 9. Nbd2 {[%emt 0:01:30]} f5 {[%emt 0:04:00]} 10. Bc4 {[%emt 0:07:30]} Nxg3 {[%emt 0:14:30]} 11. fxg3 {[%emt 0:02:30]} Qe7 {[%emt 0:01:30]} 12. O-O {[%emt 0:07:30]} Bg7 {[%emt 0:06:30]} 13. e4 {[%emt 0:11:30]} fxe4 {[%emt 0:10:30]} 14. Nxe4 {[%emt 0:01:30]} d5 {[%emt 0:06:30]} 15. Ne5 {[%emt 0:17:30]} Bxe5 {[%emt 0:02:30]} 16. dxe5 {[%emt 0:01:30]} Kd8 {[%emt 0:06:30]} 17. Rad1 {[%emt 0:07:30]} Kc8 {[%emt 0:00:30]} 18. Rf6 {[%emt 0:20:01]} Nd7 {[%emt 0:03:30]} 19. Ba6 {[%emt 0:03:56]} dxe4 {[%emt 0:11:41]} 20. Bxb7+ {[%emt 0:01:33]} Kxb7 {[%emt 0:00:05]} 21. Qxe4+ {[%emt 0:00:14]} Kb8 {[%emt 0:00:39]} 22. Rf3 {[%emt 0:02:02]} Nc5 {[%emt 0:00:48]} 23. Qg6 {[%emt 0:00:59]} Qe8 {[%emt 0:01:31]} 24. Rf7 {[%emt 0:00:48]} a5 {[%emt 0:03:46]} 25. c3 {[%emt 0:01:21]} a4 {[%emt 0:00:07]} 26. Qg7 {[%emt 0:00:26]} Qg8 {[%emt 0:02:09]} 27. Qf6 {[%emt 0:00:37]} Qc8 {[%emt 0:01:26]} 28. b4 {[%emt 0:00:30]} axb3 {[%emt 0:00:03]} 29. axb3 {[%emt 0:00:04]} Ra2 {[%emt 0:00:37]} 30. b4 {[%emt 0:00:24]} Ne4 {[%emt 0:00:22]} 31. Qf3 {[%emt 0:01:08]} Rf2 {[%emt 0:00:43]} 0-1

[Event "ESTCC 50 2019"]
[Site "Mali Losinj"]
[Date "2019.09.25"]
[Round "8.5"]
[White "Kozul, Zdenko"]
[Black "Wallace, Paul"]
[Result "1-0"]
[WhiteElo "2569"]
[BlackElo "2153"]
[Annotator "ChessBase"]
[PlyCount "53"]
[EventDate "2019.09.18"]
[EventType "team-tourn"]
[EventCountry "CRO"]
[SourceTitle "playchess.com"]
[Source "ChessBase"]
[SourceQuality "1"]
[WhiteTeam "CRO"]
[BlackTeam "IRL"]
[WhiteTeamCountry "CRO"]
[BlackTeamCountry "AUS"]
[TimeControl "40/5400+30:1800+30"]

1. d4 {[%emt 0:02:30]} g6 {[%emt 0:00:30]} 2. c4 {[%emt 0:00:30]} Bg7 {[%emt 0:00:00]} 3. Nf3 {[%emt 0:00:30]} Nf6 {[%emt 0:00:00]} 4. Nc3 {[%emt 0:00:00]} O-O {[%emt 0:00:30]} 5. e4 {[%emt 0:01:00]} d6 {[%emt 0:00:00]} 6. Be2 {[%emt 0:00:30]} e5 {[%emt 0:00:00]} 7. O-O {[%emt 0:01:30]} Na6 {[%emt 0:02:30]} 8. d5 {[%emt 0:10:30]} Nc5 {[%emt 0:01:30]} 9. Bg5 {[%emt 0:00:30]} a5 {[%emt 0:04:30]} 10. Nd2 {[%emt 0:02:30]} h6 {[%emt 0:05:30]} 11. Be3 {[%emt 0:10:30]} c6 {[%emt 0:08:30]} 12. a3 {[%emt 0:01:30]} Bd7 {[%emt 0:09:30]} 13. b4 {[%emt 0:01:30]} axb4 {[%emt 0:01:30]} 14. axb4 {[%emt 0:00:30]} Rxa1 {[%emt 0:00:00]} 15. Qxa1 {[%emt 0:00:30]} cxd5 {[%emt 0:01:00]} 16. cxd5 {[%emt 0:00:30]} Na6 {[%emt 0:00:30]} 17. Bxa6 {[%emt 0:02:30]} bxa6 {[%emt 0:00:00]} 18. Qxa6 {[%emt 0:00:00]} Qb8 {[%emt 0:03:00]} 19. b5 {[%emt 0:10:00]} Rc8 {[%emt 0:05:30]} 20. Qa5 {[%emt 0:08:30]} Ng4 {[%emt 0:09:30]} 21. Ba7 {[%emt 0:02:30]} Qb7 {[%emt 0:00:30]} 22. h3 {[%emt 0:05:30]} Ra8 {[%emt 0:01:30]} 23. b6 {[%emt 0:01:30]} Nf6 {[%emt 0:00:00]} 24. Nc4 {[%emt 0:02:30]} Bf8 {[%emt 0:01:00]} 25. Ra1 {[%emt 0:00:30]} Bc8 {[%emt 0:03:30]} 26. Qb5 {[%emt 0:08:30]} Qd7 {[%emt 0:12:30]} 27. Na5 {[%emt 0:03:30]} 1-0